000 00558nam a2200193Ia 4500
005 20250508154653.0
008 008 250505s9999 xx 000 0 eng d
037 _aTextual
040 _aFEDL
_beng
_cFEDL
041 _aeng
_2eng
084 _a370.196, FRA
_qFEDL
100 _aFraser Stewart Ed.
_9319360
245 0 _aGovernmental policy and international education
260 _aNew York, USA
_bJohn Wiley and Sons
_c1965
300 _axix,373p.
650 _aEducation
942 _cTEXL
_h370.196, FRA
999 _c1351513
_d1351513